000 00543nam a22001817a 4500
005 20170330172033.0
010 _aENG-117652
020 _a9788178794884
_c295.00
035 _aEN-101184
037 _bDABD/PUB
082 _a613.4
100 _aSharma, Sunil Kumar
245 _aPratical yoga /
_cby Sunil Kumar Sharma
260 _aNew Delhi
_bSports Publication
_c2008
270 _a7/26, Ground Floor, Ansari Road, Daryaganj
_bNew Delhi
_e110002
300 _a137p. :
_c22cm(Hb)
_bill.
942 _2ddc
_cEN
_h613.4
_mSHA
999 _c138569
_d138569